Welcome to CU Library Online Public Access Catalogue (OPAC)

The Supreme Court of Ghana Law Reports 2000 (Record no. 1392)

MARC details
000 -LEADER
fixed length control field 00506nam a22001457a 4500
005 - DATE AND TIME OF LATEST TRANSACTION
control field 20241120194620.0
008 - FIXED-LENGTH DATA ELEMENTS--GENERAL INFORMATION
fixed length control field 241120b |||||||| |||| 00| 0 eng d
110 ## - MAIN ENTRY--CORPORATE NAME
Corporate name or jurisdiction name as entry element Republic of Ghana
245 ## - TITLE STATEMENT
Title The Supreme Court of Ghana Law Reports 2000
Statement of responsibility, etc. Advanced Legal Publications
260 ## - PUBLICATION, DISTRIBUTION, ETC.
Place of publication, distribution, etc. Accra, Ghana
Name of publisher, distributor, etc. Advanced Legal Publications
Date of publication, distribution, etc. 2000
300 ## - PHYSICAL DESCRIPTION
Extent xliii, 604 pages
Dimensions 24.5 cm
500 ## - GENERAL NOTE
General note Cases determined by the Supreme Court of the Republic of Ghana
650 ## - SUBJECT ADDED ENTRY--TOPICAL TERM
Source of heading or term Law Reports
General subdivision Ghana
942 ## - ADDED ENTRY ELEMENTS (KOHA)
Source of classification or shelving scheme Library of Congress Classification
Koha item type Books
Suppress in OPAC No
999 ## -
-- 1392
-- 1392
Holdings
Withdrawn status Lost status Source of classification or shelving scheme Damaged status Not for loan Collection Home library Current library Shelving location Date acquired Total checkouts Full call number Barcode Date last seen Copy number Price effective from Koha item type
    Library of Congress Classification     Non-fiction Law Library (Miotso) Law Library (Miotso) Reference 11/20/2024   KRX18.A2587 SUP GLR2000 LLM00001145 11/20/2024 1 11/20/2024 Books
© 2023-2024 Copyright: Central University Libraries. All Rights Reserved | Created by: Mahone Tech Office